Un siecle de banque francaise

Spremljeno u:
Bibliografski detalji
Glavni autor: Bouvier, Jean
Format: Knjiga
Jezik:Undetermined
Izdano: Paris Hachette Literature 1973
Teme:
Oznake: Dodaj oznaku
Bez oznaka, Budi prvi tko označuje ovaj zapis!
Thư viện lưu trữ: Trung tâm Học liệu Trường Đại học Cần Thơ
LEADER 00513nam a2200205Ia 4500
001 CTU_86989
008 210402s9999 xx 000 0 und d
082 |a 332.1 
082 |b B782 
100 |a Bouvier, Jean 
245 0 |a Un siecle de banque francaise 
245 0 |c Jean Bouvier 
260 |a Paris 
260 |b Hachette Literature 
260 |c 1973 
650 |a Banks and banking 
650 |x History 
650 |z France 
904 |i Truc 
980 |a Trung tâm Học liệu Trường Đại học Cần Thơ